Zhodnotenie roku 2014 z pohľadu podzemných vôd

Mapa lokalizácie referenčných monitorovacích objektov podzemných vôd na Slovensku. Situačná mapa priestorového mesačného hodnotenia podzemnej vody na Slovensku. Mesačné zhodnotenie stavov hladín podzemných vôd a výdatnosti prameňov v roku 2014 v porovnaní s referenčným obdobím 1981-2010.

Uložené v:
Podrobná bibliografia
Hlavný autor: Kullman, Eugen
Médium: Kapitola
Jazyk:Slovak
Predmet:
Tagy: Pridať tag
Žiadne tagy, Buďte prvý, kto otaguje tento záznam!

MARC

LEADER 00000naa a2200000 4500
001 0200959
005 20221104113015.4
041 0 |a slo 
044 |a SK 
245 1 0 |a Zhodnotenie roku 2014 z pohľadu podzemných vôd  |c Eugen Kullman ... [et al.] 
520 |a Mapa lokalizácie referenčných monitorovacích objektov podzemných vôd na Slovensku. Situačná mapa priestorového mesačného hodnotenia podzemnej vody na Slovensku. Mesačné zhodnotenie stavov hladín podzemných vôd a výdatnosti prameňov v roku 2014 v porovnaní s referenčným obdobím 1981-2010. 
610 2 0 |a voda podzemná 
610 2 0 |a Slovensko 
610 2 0 |a 2014 
100 1 |a Kullman, Eugen